000 00905aab a2200181 i 4500
001 768714001
003 CO-MdFUSB
005 20240327160822.0
008 240327t1988 ag ||||| |||| 00| 0 spa d
040 _bspa
_cCO-MdFUSB
041 _aspa
245 1 4 _aUna mayordomía integral :
_bdeclaración a la Iglesia cristiana en América Latina
300 _aVolumen 7, número 4 (diciembre, 1988), páginas: 19 - 20
_c; 27 cm
520 _aEn el Primer taller Latinoamericano sobre Desarrollo Rural y medio ambiente que fue celebrado en San José de Costa Rica, del 8 al 15 de julio de 1988, se elaboró una declaración sobre el cuidado y mayordomía del medio ambiente creado por Dios. Aspectos que la iglesia cristiana debe tener en cuenta.
653 _aMayordomia
773 0 _tIglesia y Misión
_049402
_959672
_gVolumen 7, número 4 (diciembre, 1988), páginas: 19 - 20
_qpáginas: 19
942 _cANA
999 _c51781
_d51781